| 000 | 00768nam a22002295i 4500 | ||
|---|---|---|---|
| 001 | 165687 | ||
| 003 | ES-MaACL | ||
| 005 | 20250728105432.0 | ||
| 008 | 940301s1883 sp |||| | spa d | ||
| 040 |
_aAS _bspa |
||
| 100 | 1 |
_aSpencer, Herbert, _d1820-1903 _9107684 |
|
| 245 | 1 | 0 |
_aPrincipios de sociología / _cpor Herbert Spencer ; traducidos por Eduardo Cazorla. |
| 260 |
_aMadrid : _bSaturnino Calleja, _c1883 ( _fImp. de M. Minuesa de los Ríos) |
||
| 300 |
_a2 v. ; _c21 cm. |
||
| 596 | 1 | _aMarca tip. en port. | |
| 597 | 1 | _aAntep. | |
| 700 | 1 | 1 |
_aCazorla, Eduardo, _etrad. _9126408 |
| 852 |
_aES-MaACL _jD-4595-4596 _z-- Enc. hol. |
||
| 852 |
_aES-MaACL _jC-2937-2938 _z-- Enc. tela granate |
||
| 999 |
_c165687 _d165687 |
||